Principal Problems in the Theory of Differencial Equations Solved at the Faculty of Mathematics and Physics of Comenius University

Podrobná bibliografia
Hlavný autor: Greguš, Michal (Autor)
Médium: Článok
Jazyk:angličtina
slovenčina
Predmet:

MARC

LEADER 00000nab a2200000 a 4500
001 vtls000421833
003 SK-MaSNL
005 20260318124820.0
008 120925c1990 xo 0 eng
015 |a SNBRB19rr/mm-uuuuu 
035 |a CL0421961 
040 |a SNKBUCL  |b slo  |c SNKBUCL  |e AACR2 
041 0 |a slo 
044 |a xo  |c SK 
080 |a 517.9  |2 1981 
080 |a 378.4.096  |2 1981 
080 |a 51  |2 1981 
080 |a 53  |2 1981 
100 1 |a Greguš, Michal  |4 aut  |9 315274 
245 1 0 |a Principal Problems in the Theory of Differencial Equations Solved at the Faculty of Mathematics and Physics of Comenius University  |c Michal Greguš 
610 2 7 |a Univerzita Komenského v Bratislave.  |2 snkbucl  |b Matematicko-fyzikálna fakulta 
650 0 7 |a diferenciálne rovnice  |2 snkbucl  |9 63334 
650 0 7 |a teória diferenciálnych rovníc  |2 snkbucl  |9 1294145 
655 7 |a články z novín a časopisov  |2 snkbucl  |9 267496 
773 0 |t Universitas Comeniana  |g Roč. 2, č. 2 (1990), s. 9-12 
850 |a Slovenská národná knižnica v Martine  |a MTA001 
852 |a SNK  |b KIS3GCP 
958 |a RK 
992 |a RBX 
999 |c 2575263  |d 2577193